Budúcnosť dokumentárneho akreditívu v medzinárodnom obchode

Akreditív ako platobný nástroj sa vyvinul v praxi bánk. Charakteristika dokumentárneho akreditívu. Nové možnosti a inovácie pre dokumentárne akreditívy. Charakteristika BOLERO siete.

Na minha lista:
Detalhes bibliográficos
Autor principal: Vokorokosová, Renáta, 1967-
Formato: Capítulo de Livro
Idioma:eslovaco
Assuntos:
Tags: Adicionar Tag
Sem tags, seja o primeiro a adicionar uma tag!

MARC

LEADER 00000naa a2200000 4500
001 r039909
005 20221129113509.9
041 0 |a slo 
044 |a SK 
245 1 0 |a Budúcnosť dokumentárneho akreditívu v medzinárodnom obchode  |c Renáta Vokorokosová 
520 |a Akreditív ako platobný nástroj sa vyvinul v praxi bánk. Charakteristika dokumentárneho akreditívu. Nové možnosti a inovácie pre dokumentárne akreditívy. Charakteristika BOLERO siete. 
610 2 0 |a akreditív dokumentárny 
610 2 0 |a obchod medzinárodný 
610 2 0 |a pojmy 
610 2 0 |a inovácia 
610 2 0 |a BOLERO 
100 1 |a Vokorokosová, Renáta, 1967-